000 00704nam a22002297a 4500
999 _c1648
_d1648
001 1648
003 BD-JhCC
005 20171030103531.0
008 171022s2001 bg |||| |a|| 00| 0 ben d
020 _a9844590523
035 _a(BD-JhCC)1648
040 _aBD-JhCC
_dBD-JhCC
041 _aben
082 _a378.196
_bSTO 2001
100 _aস্টক, এ. জি.
245 _aঢাকা বিশ্ববিদ্যলয়ের স্মৃতি /
_cএ. জি. স্টক
260 _aঢাকা :
_bমাওলা ব্রাদার্স,
_c2001.
300 _a207 p. :
_c22 cm.
650 _aDhaka University
_xEducational Institution
942 _2ddc
_cBK